|
|
|
|
| LEADER |
00000cam a2200000 7i4500 |
| 001 |
0000001485 |
| 005 |
20010704.0 |
| 090 |
0 |
0 |
|a 338.17498
|b CHA 1989
|
| 100 |
1 |
0 |
|a CHALLIS
|h D. J.
|
| 245 |
1 |
0 |
|a Survey of solid wood sizes used by the furniture industry in Western Australia
|c D. J. Challis
|
| 260 |
0 |
0 |
|a (Harvey, W. A.) :
|b Wood Utilisation Research Centre (W. A.) ,
|c 1989
|
| 300 |
|
|
|a v, 12 p. :
|b ill. ;
|c 30 cm.
|
| 440 |
0 |
0 |
|a Report (Wood Utilisation Research Centre (W. A.); n. 9
|
| 500 |
0 |
0 |
|a Bibliography : p. 12
|
| 650 |
0 |
0 |
|a Furniture industry and trade
|z Western Australia
|
| 650 |
0 |
0 |
|a Hardwoods
|x Standards
|z Western Australia
|
| 650 |
0 |
0 |
|a Jarrah
|
| 710 |
1 |
1 |
|a Wood Utilisation Research Centre (W. A.)
|
| 998 |
|
|
|a JPSM
|
| 999 |
|
|
|a 0000005716
|b Monograph
|c Open Shelf
|e Default branch
|